Thendikkoothu/ (Record no. 46715)

000 -LEADER
fixed length control field 00352nam a22001451a 4500
082 ## - DEWEY DECIMAL CLASSIFICATION NUMBER
Classification number M2
Item number RAM/T
100 ## - MAIN ENTRY--AUTHOR NAME
Personal name Ramachandran Mokeri
245 ## - TITLE STATEMENT
Title Thendikkoothu/
Statement of responsibility, etc by Ramachandran Mokeri
260 ## - PUBLICATION, DISTRIBUTION, ETC. (IMPRINT)
Place of publication Calicut:
Name of publisher Pappiyon,
Year of publication 2003.
300 ## - PHYSICAL DESCRIPTION
Number of Pages 150p.
650 ## - SUBJECT ADDED ENTRY--TOPICAL TERM
Topical Term Drama Malayalam
650 ## - SUBJECT ADDED ENTRY--TOPICAL TERM
Topical Term Literature Malayalam
650 ## - SUBJECT ADDED ENTRY--TOPICAL TERM
Topical Term Literature
942 ## - ADDED ENTRY ELEMENTS (KOHA)
Koha item type Book
Holdings
Withdrawn status Lost status Damaged status Not for loan Permanent Location Current Location Date acquired Cost, normal purchase price Full call number Accession Number Cost, replacement price Price effective from Koha item type Shelving location
        Sree Sankaracharya University of Sanskrit Sree Sankaracharya University of Sanskrit 08.01.2015 75.00 M2 RAM/T 050451 0.00 08.01.2015 Book  
        Sree Sankaracharya University of Sanskrit Sree Sankaracharya University of Sanskrit 08.01.2015 75.00 M2 RAM/T 050452 0.00 08.01.2015 Book  
        Sree Sankaracharya University of Sanskrit Sree Sankaracharya University of Sanskrit 08.01.2015 75.00 M2 RAM/T 044205 0.00 08.01.2015 Book Stacks